Learning Resource and Development

Quality management in engineering : (Record no. 28290)

MARC details
000 -LEADER
fixed length control field 01393nam a2200265 i 4500
003 - CONTROL NUMBER IDENTIFIER
control field CSPC
005 - DATE AND TIME OF LATEST TRANSACTION
control field 20241120104926.0
008 - FIXED-LENGTH DATA ELEMENTS--GENERAL INFORMATION
fixed length control field 241004s2020 flua b 001 0 eng d
020 ## - INTERNATIONAL STANDARD BOOK NUMBER
International Standard Book Number 9780367779368
040 ## - CATALOGING SOURCE
Transcribing agency CSPC
Original cataloging agency CSPC
Language of cataloging eng
Description conventions rda
050 00 - LIBRARY OF CONGRESS CALL NUMBER
Classification number TS156
Item number .L56 2020
082 00 - DEWEY DECIMAL CLASSIFICATION NUMBER
Classification number 658.4013
Item number L628q
Edition number 23
100 1# - MAIN ENTRY--PERSONAL NAME
Personal name Lim, Jong S.,
Relator term author.
245 10 - TITLE STATEMENT
Title Quality management in engineering :
Remainder of title a scientific and systematic approach /
Statement of responsibility, etc. Jong S. Lim.
264 #1 - PRODUCTION, PUBLICATION, DISTRIBUTION, MANUFACTURE, AND COPYRIGHT NOTICE
Place of production, publication, distribution, manufacture Boca Raton, Florida :
Name of producer, publisher, distributor, manufacturer CRC Press, an imprint of Taylor & Francis Group,
Date of production, publication, distribution, manufacture, or copyright notice 2020.
300 ## - PHYSICAL DESCRIPTION
Extent xxi, 338 pages :
Other physical details illustrations ;
Dimensions 24 cm.
336 ## - CONTENT TYPE
Content type term text
Source rdacontent
337 ## - MEDIA TYPE
Media type term unmediated
Source rdamedia
338 ## - CARRIER TYPE
Carrier type term volume
Source rdacarrier
504 ## - BIBLIOGRAPHY, ETC. NOTE
Bibliography, etc. note Includes bibliographical references and index.
505 0# - FORMATTED CONTENTS NOTE
Formatted contents note Fundamentals of manufacturing and engineering -- Fundamentals of quality in manufacturing -- Quality system, management, and engineering -- Principle-based quality management -- Quality engineering and methods -- Scientific problem management -- Scientific quality planning -- Structured quality deployment -- Lean quality management -- Software quality management -- Quality 4.0 in smart manufacturing.
650 #0 - SUBJECT ADDED ENTRY--TOPICAL TERM
Topical term or geographic name entry element Quality control.
942 ## - ADDED ENTRY ELEMENTS (KOHA)
Source of classification or shelving scheme Dewey Decimal Classification
Suppress in OPAC No
Koha item type Books
Classification part 658.4013
Call number prefix GRD
Call number suffix 2020
Edition 23
Holdings
Withdrawn status Lost status Source of classification or shelving scheme Damaged status Not for loan Home library Current library Shelving location Date acquired Total Checkouts Full call number Barcode Date last seen Copy number Price effective from Koha item type
    Dewey Decimal Classification     Main Library Main Library Graduate School Library 10/04/2024   GRD 658.4013 L628q 2020 028359 10/04/2024 1-2 10/04/2024 Books
    Dewey Decimal Classification     Main Library Main Library Graduate School Library 11/20/2024   GRD 658.4013 L628q 2020 028460 11/20/2024 2-2 11/20/2024 Books